000 00947nam a2200253 a 4500
003 CBULib
005 20240515101305.0
008 140429s2013 ||||||||||||||||| || u
040 _aCBULib
_bEnglish
_cCBULib
_erda
041 _aeng
050 _aUNCTAD(058)LDCRO/2013A
110 _aUnited Nations Conference on Trade and Development (UNCTAD)
245 1 4 _aThe least developed countries report 2013 : growth with employment for sustainable development : overview
_c/ by United Nations Conference on Trade and Development (UNCTAD)
260 _aNew York :
_bUnited Nations,
_c2013
300 _a24 pages
336 _2rdacontent
_aText |
_btxt
337 _2rdamedia
_aUnmediated |
_bn
338 _2rdacarrier
_aVolume
_bnc
650 _aSUSTAINABLE DEVELOPMENT--CASE STUDIES
650 0 _aSUSTAINABLE DEVELOPMENT
650 _aLEAST DEVELOPED COUNTRIES
650 _aLEAST DEVELOPED COUNTRIES -- ECONOMIC CONDITIONS
942 _2mc
_c029
999 _c80673
_d80673